00366nam a22001337a 450000500170000000800410001704100130005808200120007110000120008324500340009526000470012930000300017665000260020620240724104225.0240724b |||||||| |||| 00| 0 eng d aEnglish  a349 SOU lEnglish aThe South African Law Reports aCape Town: bJuta and Company Ltd, c1921  bxii, 605 pages; c25 cm.  aLegal practice bLaw